|
|
|
|
| LEADER |
00000nam0a2200000 4500 |
| 001 |
124710 |
| 005 |
20231101215903.0 |
| 010 |
|
|
|a 9785699205431
|
| 035 |
|
|
|a (RuTPU)RU\TPU\book\134963
|
| 090 |
|
|
|a 124710
|
| 100 |
|
|
|a 20071107d2007 m y0rusy50 ca
|
| 101 |
0 |
|
|a rus
|
| 102 |
|
|
|a RU
|
| 105 |
|
|
|a y z 000ay
|
| 200 |
1 |
|
|a Восьмой побег
|e [повесть, рассказы]
|f В. П. Астафьев
|
| 210 |
|
|
|a Москва
|c Эксмо
|d 2007
|
| 215 |
|
|
|a 640 с.
|
| 225 |
1 |
|
|a Русская классика. XX век
|
| 330 |
|
|
|a Творчество Виктора Астафьева в равной мере относится к двум направлениям отечественной литературы. Это и произведения о войне — «окопная правда», принятая в штыки официальной критикой, — и деревенская проза, рассказывающая об истинной картине коллективизации и ее последствиях.
|
| 610 |
1 |
|
|a русская литература
|
| 610 |
1 |
|
|a повести
|
| 610 |
1 |
|
|a рассказы
|
| 675 |
|
|
|a Р2
|v 3
|
| 700 |
|
1 |
|a Астафьев
|b В. П.
|c русский писатель
|f 1924-2001
|g Виктор Петрович
|2 stltpush
|3 (RuTPU)RU\TPU\pers\8221
|9 1618
|
| 801 |
|
1 |
|a RU
|b 63413507
|c 20071107
|g PSBO
|
| 801 |
|
2 |
|a RU
|b 63413507
|c 20190417
|g PSBO
|
| 942 |
|
|
|c BK
|
| 959 |
|
|
|a 78/20071106
|d 1
|e 156,97
|f ХФ:1
|